| 000 | 00348cam a22001217a 4500 | ||
|---|---|---|---|
| 008 | 180718b1958 xxu||||| |||| 00| 0 eng d | ||
| 082 | _aA6x5453 V541 | ||
| 100 | _aVelayudhan, R. | ||
| 245 |
_aKerala: the red rain land. _cby R. Velayudhan |
||
| 260 |
_aNew Delhi _bIndian Institute of social affairs _c1958 |
||
| 300 | _avi, 159p | ||
| 650 | _aRed Rain | ||
| 999 |
_c412586 _d412586 |
||